El trabajo docente en el medio rural
Saved in:
| Main Author: | |
|---|---|
| Format: | Book |
| Language: | Spanish |
| Published: |
Ciudad de México
Secretaría de Educación Pública
1998
|
| Series: | Biblioteca Normalista
|
| Subjects: | |
| Tags: |
Add Tag
No Tags, Be the first to tag this record!
|
MARC
| LEADER | 00000nam a2200000 a 4500 | ||
|---|---|---|---|
| 001 | UCI6627 | ||
| 003 | CL-VaPUC | ||
| 008 | 080516e19980000MX |||||||||||||||||spa|d | ||
| 020 | |a 9701822900 | ||
| 082 | 0 | 4 | |a 370.1 |b MER |2 21 |
| 100 | |a Mercado Maldonado, Ruth |e autora |9 475102 | ||
| 245 | 1 | 3 | |a El trabajo docente en el medio rural |
| 300 | |a 118 p | ||
| 942 | |c BK | ||
| 945 | |d 20080516 00:00:00 |a jtorresc | ||
| 260 | |a Ciudad de México |b Secretaría de Educación Pública |c 1998 | ||
| 650 | 0 | |a Escuela rural |9 424386 | |
| 650 | 0 | |a Participación social |9 256140 | |
| 650 | 0 | |a Formación de profesores |9 338945 | |
| 650 | 0 | |a Planificación de la educación |9 307333 | |
| 650 | 0 | |a Sociología de la educación |9 260380 | |
| 583 | |a last modification |c 20080516 00:00:00 |k Rodrigo Vera | ||
| 490 | 0 | |a Biblioteca Normalista | |
| 999 | |c 330082 |d 330080 | ||
| 952 | |0 0 |1 0 |4 0 |6 370_100000000000000_MER_1998 |7 0 |8 A |9 415385 |a BIBEDU |b BIBEDU |d 2019-11-22 |i 4440234 |o 370.1 MER 1998 |p 4440234 |r 2019-11-22 |w 2019-11-22 |y BK |k EPE | ||